Handbook of genetic algorithms
Αποθηκεύτηκε σε:
| Άλλοι συγγραφείς: | |
|---|---|
| Μορφή: | Βιβλίο |
| Γλώσσα: | English |
| Δημοσίευση: |
New York :
Van Nostrand Reinhold,
1991
|
| Θέματα: | |
| Ετικέτες: |
Προσθήκη ετικέτας
Δεν υπάρχουν, Καταχωρήστε ετικέτα πρώτοι!
|
MARC
| LEADER | 00000cam a2200000 i 4500 | ||
|---|---|---|---|
| 001 | 1/32893 | ||
| 008 | 950921s1991 eng d | ||
| 020 | |a 0442001738 | ||
| 035 | |l 10039220 | ||
| 035 | |a 1995 |c ΔΑΡΖΕΝΤΑΣ | ||
| 040 | |a GR-MY-UA |b gre |e aacr | ||
| 041 | 0 | |a eng | |
| 082 | 0 | |a 511.6 |2 (20) | |
| 245 | 1 | 0 | |a Handbook of genetic algorithms / |c edited by Lawrence Davis |
| 260 | |a New York : |b Van Nostrand Reinhold, |c 1991 | ||
| 300 | |a xii, 385 p.; |b ill.; |c 24 cm | ||
| 504 | |a Includes bibliographical references and index | ||
| 650 | 0 | 0 | |a Combinatorial optimization. |
| 650 | 0 | 0 | |a Algorithms. |
| 700 | 1 | |a Davis, Lawrence. | |
| 852 | |a INST |b SAMOS |e 19950921 |h 511.6 HAN |p 005300012695 |q 005300012695 |t BK |y 0 | ||
| 909 | |a Σ |b 040777 | ||